[Event "Valby"]
[Site "Valby"]
[Date "1994.??.??"]
[Round "2"]
[White "Danielsen, Henrik"]
[Black "Thorhallsson, Throstur"]
[Result "1-0"]
[WhiteElo "2480"]
[BlackElo "2470"]
[PlyCount "83"]
[EventDate "1994.??.??"]
[EventType "tourn"]
[EventRounds "9"]
[EventCountry "DEN"]
[EventCategory "10"]
[Source "ChessBase"]
[SourceDate "1997.11.17"]

1. c4 Nf6 2. Nf3 c6 3. Nc3 d5 4. d4 e6 5. cxd5 exd5 6. Bg5 Be7 7. Qc2 g6 8. e3
Bf5 9. Bd3 Bxd3 10. Qxd3 O-O 11. Bxf6 Bxf6 12. b4 a6 13. O-O Be7 14. Rab1 Nd7
15. a4 b5 16. a5 Re8 17. Rfc1 Bd6 18. e4 dxe4 19. Nxe4 Qe7 20. Rxc6 Bxb4 21.
Ne5 Kg7 22. f4 Bxa5 23. Nd6 Rf8 24. Qa3 Bd8 25. Rc7 b4 26. Nf5+ gxf5 27. Qg3+
Kh8 28. Rxd7 Qe6 29. d5 Qb6+ 30. Kh1 Ra7 31. Re1 Rxd7 32. Nxd7 Rg8 33. Nxb6
Rxg3 34. hxg3 Bxb6 35. d6 a5 36. Re8+ Kg7 37. Rb8 Bc5 38. d7 Be7 39. d8=Q Bxd8
40. Rxd8 b3 41. Ra8 b2 42. Rb8 1-0

[Event "Valby"]
[Site "Valby"]
[Date "1994.??.??"]
[Round "6"]
[White "Danielsen, Henrik"]
[Black "Sax, Gyula"]
[Result "1/2-1/2"]
[WhiteElo "2480"]
[BlackElo "2520"]
[PlyCount "41"]
[EventDate "1994.??.??"]
[EventType "tourn"]
[EventRounds "9"]
[EventCountry "DEN"]
[EventCategory "10"]
[Source "ChessBase"]
[SourceDate "1997.11.17"]

1. d4 Nf6 2. Nf3 e6 3. c4 b6 4. g3 Ba6 5. b3 Bb4+ 6. Bd2 Be7 7. Bg2 c6 8. O-O
d5 9. Ne5 Nfd7 10. Nxd7 Nxd7 11. Bc3 O-O 12. Nd2 Rb8 13. e4 b5 14. Re1 dxc4 15.
bxc4 bxc4 16. Qa4 Bb5 17. Qc2 Ba3 18. Nb1 Be7 19. Nd2 Ba3 20. Nb1 Be7 21. Nd2
1/2-1/2

[Event "Valby"]
[Site "Valby"]
[Date "1994.??.??"]
[Round "4"]
[White "Danielsen, Henrik"]
[Black "Gipslis, Aivars"]
[Result "1/2-1/2"]
[WhiteElo "2480"]
[BlackElo "2480"]
[PlyCount "97"]
[EventDate "1994.??.??"]
[EventType "tourn"]
[EventRounds "9"]
[EventCountry "DEN"]
[EventCategory "10"]
[Source "ChessBase"]
[SourceDate "1997.11.17"]

1. d4 Nf6 2. Nf3 e6 3. c4 Bb4+ 4. Bd2 Qe7 5. g3 Nc6 6. Bg2 Bxd2+ 7. Nbxd2 d6 8.
O-O a5 9. e4 e5 10. d5 Nb8 11. Ne1 Bg4 12. f3 Bd7 13. Nd3 Na6 14. b3 O-O 15.
Qc2 c6 16. Rfc1 cxd5 17. cxd5 b5 18. a3 Qd8 19. b4 Qb6+ 20. Kh1 a4 21. Nf1 Qd4
22. Qd2 Rfc8 23. Nb2 Qxd2 24. Nxd2 Rxc1+ 25. Rxc1 Rc8 26. Rxc8+ Bxc8 27. Nb1
Ne8 28. Nc3 Nec7 29. f4 f6 30. h4 Bd7 31. Kg1 Na8 32. Nbd1 Nb6 33. Ne3 g6 34.
Bf1 Nc7 35. Kf2 Nc8 36. Kf3 h6 37. Be2 Kg7 38. Kf2 f5 39. h5 exf4 40. gxf4 fxe4
41. Nxe4 gxh5 42. Kg3 Kg6 43. Bd3 Kg7 44. Be2 Kg6 45. Kh4 Ne7 46. Nxd6 Nexd5
47. Bd3+ Kf6 48. Bxb5 Bxb5 49. Nxd5+ 1/2-1/2

[Event "Valby"]
[Site "Valby"]
[Date "1994.??.??"]
[Round "9"]
[White "Danielsen, Henrik"]
[Black "Petursson, Margeir"]
[Result "0-1"]
[WhiteElo "2480"]
[BlackElo "2550"]
[PlyCount "84"]
[EventDate "1994.??.??"]
[EventType "tourn"]
[EventRounds "9"]
[EventCountry "DEN"]
[EventCategory "10"]
[Source "ChessBase"]
[SourceDate "1997.11.17"]

1. d4 d5 2. c4 c6 3. Nc3 Nf6 4. e3 g6 5. Nf3 Bg7 6. Be2 O-O 7. O-O e6 8. b4
Nbd7 9. a4 b6 10. Ba3 Bb7 11. Rc1 Re8 12. Qb3 Rb8 13. Rfd1 a6 14. cxd5 exd5 15.
Qa2 b5 16. a5 Re7 17. Bd3 Qf8 18. Re1 Rbe8 19. Rc2 Kh8 20. Bb2 Nh5 21. Ne2 f5
22. g3 Re6 23. Qb3 R6e7 24. Kg2 Nhf6 25. h4 Ne4 26. Nf4 Bf6 27. Rec1 Rc8 28.
Ne5 Nxe5 29. dxe5 Bxe5 30. Nxd5 Ree8 31. Nb6 c5 32. Bxe5+ Rxe5 33. Qb2 Rce8 34.
Nd7 Nf6+ 35. Kh2 Nxd7 36. f4 c4 37. fxe5 Nxe5 38. Be2 Qf6 39. Rd2 Qc6 40. Bf3
c3 41. Bxc6 cxb2 42. Rxb2 Bxc6 0-1

[Event "Valby"]
[Site "Valby"]
[Date "1994.??.??"]
[Round "3"]
[White "Gipslis, Aivars"]
[Black "Mortensen, Erling"]
[Result "1/2-1/2"]
[WhiteElo "2480"]
[BlackElo "2470"]
[PlyCount "77"]
[EventDate "1994.??.??"]
[EventType "tourn"]
[EventRounds "9"]
[EventCountry "DEN"]
[EventCategory "10"]
[Source "ChessBase"]
[SourceDate "1997.11.17"]

1. e4 c5 2. Nf3 e6 3. Nc3 a6 4. d4 cxd4 5. Nxd4 Nc6 6. g3 d6 7. Bg2 Qc7 8. O-O
Be7 9. Re1 Bf6 10. Nxc6 bxc6 11. Bf4 e5 12. Be3 Ne7 13. b4 O-O 14. a4 a5 15. b5
Be6 16. b6 Qd7 17. Qd3 Rfb8 18. Rab1 Nc8 19. Rb2 Rb7 20. Reb1 Bd8 21. h4 f6 22.
Kh2 g6 23. f4 exf4 24. gxf4 Qf7 25. f5 Bc4 26. fxg6 hxg6 27. Qd1 Rab8 28. Ne2
Qh7 29. Bf2 Bxb6 30. Nd4 d5 31. Kg1 Nd6 32. exd5 Bxd5 33. Rxb6 Rxb6 34. Rxb6
Rxb6 35. Nxc6 Bxg2 36. Bxb6 Qd7 37. Nxa5 Bh3 38. Bc5 Ne4 39. Qxd7 1/2-1/2

[Event "Valby"]
[Site "Valby"]
[Date "1994.??.??"]
[Round "7"]
[White "Gipslis, Aivars"]
[Black "Thorhallsson, Throstur"]
[Result "1/2-1/2"]
[WhiteElo "2480"]
[BlackElo "2470"]
[PlyCount "94"]
[EventDate "1994.??.??"]
[EventType "tourn"]
[EventRounds "9"]
[EventCountry "DEN"]
[EventCategory "10"]
[Source "ChessBase"]
[SourceDate "1997.11.17"]

1. e4 c5 2. Nf3 d6 3. d4 cxd4 4. Nxd4 Nf6 5. Nc3 Nc6 6. Be3 Ng4 7. Bb5 Nxe3 8.
fxe3 Bd7 9. O-O Ne5 10. Nf3 f6 11. Nd4 Kf7 12. Nd5 g6 13. c3 Bh6 14. Qb3 Kg7
15. Rae1 Rg8 16. Bxd7 Qxd7 17. Nc7 Rac8 18. Nce6+ Kh8 19. Qd5 a6 20. Re2 b5 21.
Nf4 Rc5 22. Qe6 Qxe6 23. Nfxe6 Rc4 24. Nf4 Kg7 25. h3 Kf7 26. Nd5 Nd7 27. Nb4
Nc5 28. Rd1 a5 29. Nd5 Nxe4 30. Nxb5 Rb8 31. b3 Rc5 32. c4 e6 33. Ndc3 Nxc3 34.
Nxc3 Rc6 35. Rd3 Ke7 36. Kf2 f5 37. e4 Bg7 38. Nd5+ Kf7 39. Nf4 Be5 40. Kf3 a4
41. exf5 gxf5 42. g4 axb3 43. axb3 fxg4+ 44. hxg4 Rcb6 45. Ree3 Ke7 46. Nh3
Rf8+ 47. Ke2 Ra6 1/2-1/2

[Event "Valby"]
[Site "Valby"]
[Date "1994.??.??"]
[Round "1"]
[White "Gipslis, Aivars"]
[Black "Sahl, Bjarke"]
[Result "1/2-1/2"]
[WhiteElo "2480"]
[BlackElo "2465"]
[PlyCount "122"]
[EventDate "1994.??.??"]
[EventType "tourn"]
[EventRounds "9"]
[EventCountry "DEN"]
[EventCategory "10"]
[Source "ChessBase"]
[SourceDate "1997.11.17"]

1. e4 c5 2. Nf3 d6 3. d4 cxd4 4. Nxd4 Nf6 5. Nc3 a6 6. Be3 Nc6 7. f4 g6 8. Be2
Bg7 9. Nb3 O-O 10. O-O a5 11. a4 Nb4 12. Bf3 Nd7 13. Qe2 b6 14. Rfd1 Ba6 15.
Qf2 Rc8 16. Nd4 e5 17. fxe5 Nxe5 18. Nd5 Nc4 19. c3 Nxe3 20. Qxe3 Nxd5 21. exd5
Re8 22. Qf2 Bxd4 23. Rxd4 Rc7 24. Re1 Rce7 25. Rxe7 Rxe7 26. Qd2 Qc7 27. h4 h5
28. Kf2 Re5 29. Rf4 Bc4 30. Rd4 Bb3 31. Bd1 Bc4 32. b3 Ba6 33. Bf3 Qc8 34. Re4
Rxe4 35. Bxe4 Qg4 36. Bf3 Qxh4+ 37. Kg1 Qd8 38. Qd4 Qc7 39. b4 Qd8 40. Kh2 Bc8
41. Qf4 Ba6 42. Kg1 Bd3 43. Qd2 Bf5 44. Be2 Bd7 45. Qf4 Qe7 46. Kf2 Be8 47. Qd4
Qc7 48. Bd1 Qd8 49. Kg1 Bd7 50. Kf2 Qc7 51. Qf6 Be8 52. Ke1 Kf8 53. Kd2 Bd7 54.
Bc2 Be8 55. Bxg6 axb4 56. cxb4 Bxa4 57. Bd3 Be8 58. Qh6+ Ke7 59. Qxh5 Kd8 60.
Qg5+ Qe7 61. Qe3 Qxe3+ 1/2-1/2

[Event "Valby"]
[Site "Valby"]
[Date "1994.??.??"]
[Round "5"]
[White "Gipslis, Aivars"]
[Black "Petursson, Margeir"]
[Result "1/2-1/2"]
[WhiteElo "2480"]
[BlackElo "2550"]
[PlyCount "89"]
[EventDate "1994.??.??"]
[EventType "tourn"]
[EventRounds "9"]
[EventCountry "DEN"]
[EventCategory "10"]
[Source "ChessBase"]
[SourceDate "1997.11.17"]

1. e4 c5 2. Nf3 d6 3. d4 cxd4 4. Nxd4 Nf6 5. Nc3 g6 6. Be2 Bg7 7. O-O Nc6 8.
Nb3 O-O 9. Re1 a6 10. Bf1 b5 11. Nd5 Nxd5 12. exd5 Ne5 13. c3 Bd7 14. Bg5 Re8
15. Qe2 Qb6 16. Be3 Qb7 17. Rad1 a5 18. h3 a4 19. Na1 Nc4 20. Bd4 e5 21. dxe6
Rxe6 22. Qc2 Bxd4 23. cxd4 Rc8 24. Rxe6 Bxe6 25. Qe2 Bd7 26. b3 axb3 27. Nxb3
Re8 28. Qc2 Rc8 29. Qe2 Qd5 30. Rc1 Ra8 31. Qc2 Ra4 32. Re1 Bc6 33. Kh2 Na5 34.
Nxa5 Rxa5 35. Re2 Ra4 36. Rd2 h5 37. Kg1 Ra3 38. f3 Kg7 39. Qb2 Re3 40. Re2
Rxe2 41. Bxe2 h4 42. Bd3 Bd7 43. a3 Qg5 44. Kf1 Kg8 45. Be2 1/2-1/2

[Event "Valby"]
[Site "Valby"]
[Date "1994.??.??"]
[Round "1"]
[White "Hazai, Laszlo"]
[Black "Sax, Gyula"]
[Result "1/2-1/2"]
[WhiteElo "2465"]
[BlackElo "2520"]
[PlyCount "38"]
[EventDate "1994.??.??"]
[EventType "tourn"]
[EventRounds "9"]
[EventCountry "DEN"]
[EventCategory "10"]
[Source "ChessBase"]
[SourceDate "1997.11.17"]

1. e4 e5 2. Nf3 Nc6 3. Bb5 a6 4. Ba4 Nf6 5. O-O Be7 6. Re1 b5 7. Bb3 O-O 8. c3
d6 9. h3 Nb8 10. d4 Nbd7 11. Nbd2 Bb7 12. Bc2 Re8 13. Nf1 Bf8 14. Ng3 g6 15. a4
c5 16. d5 c4 17. Bg5 h6 18. Be3 Nc5 19. Qd2 h5 1/2-1/2

[Event "Valby"]
[Site "Valby"]
[Date "1994.??.??"]
[Round "5"]
[White "Hazai, Laszlo"]
[Black "Schandorff, Lars"]
[Result "1/2-1/2"]
[WhiteElo "2465"]
[BlackElo "2430"]
[PlyCount "31"]
[EventDate "1994.??.??"]
[EventType "tourn"]
[EventRounds "9"]
[EventCountry "DEN"]
[EventCategory "10"]
[Source "ChessBase"]
[SourceDate "1997.11.17"]

1. e4 c5 2. Nf3 Nc6 3. d4 cxd4 4. Nxd4 Nf6 5. Nc3 e5 6. Ndb5 d6 7. Bg5 a6 8.
Na3 b5 9. Nd5 Be7 10. Bxf6 Bxf6 11. c3 O-O 12. Nc2 Rb8 13. Be2 Bg5 14. O-O a5
15. b4 Ne7 16. Nxe7+ 1/2-1/2

[Event "Valby"]
[Site "Valby"]
[Date "1994.??.??"]
[Round "3"]
[White "Hazai, Laszlo"]
[Black "Danielsen, Henrik"]
[Result "1-0"]
[WhiteElo "2465"]
[BlackElo "2480"]
[PlyCount "63"]
[EventDate "1994.??.??"]
[EventType "tourn"]
[EventRounds "9"]
[EventCountry "DEN"]
[EventCategory "10"]
[Source "ChessBase"]
[SourceDate "1997.11.17"]

1. e4 c6 2. d4 d5 3. exd5 cxd5 4. c4 Nf6 5. Nc3 e6 6. Nf3 Bb4 7. Bd3 dxc4 8.
Bxc4 O-O 9. O-O b6 10. Bg5 Bb7 11. Re1 Nbd7 12. Rc1 Rc8 13. Qb3 Be7 14. Bxf6
Nxf6 15. Bxe6 fxe6 16. Qxe6+ Kh8 17. Qxe7 Bxf3 18. gxf3 Qxd4 19. Nb5 Qf4 20.
Rxc8 Rxc8 21. Nd6 Qxf3 22. Nxc8 Qg4+ 23. Kf1 Qh3+ 24. Ke2 Qxc8 25. Kd2 h5 26.
Rg1 Ng4 27. h3 Qf5 28. Qd8+ Kh7 29. Qd3 Qxd3+ 30. Kxd3 Nxf2+ 31. Ke3 Nxh3 32.
Rg3 1-0

[Event "Valby"]
[Site "Valby"]
[Date "1994.??.??"]
[Round "7"]
[White "Hazai, Laszlo"]
[Black "Nielsen, Peter Heine"]
[Result "1/2-1/2"]
[WhiteElo "2465"]
[BlackElo "2475"]
[PlyCount "35"]
[EventDate "1994.??.??"]
[EventType "tourn"]
[EventRounds "9"]
[EventCountry "DEN"]
[EventCategory "10"]
[Source "ChessBase"]
[SourceDate "1997.11.17"]

1. e4 c5 2. Nf3 Nc6 3. d4 cxd4 4. Nxd4 g6 5. c4 Bg7 6. Be3 Nf6 7. Nc3 O-O 8.
Be2 d6 9. O-O Bd7 10. Qd2 Nxd4 11. Bxd4 Bc6 12. f3 a5 13. b3 Nd7 14. Be3 Nc5
15. Rab1 Qb6 16. Rfc1 Rfc8 17. Rc2 Qd8 18. Bf1 1/2-1/2

[Event "Valby"]
[Site "Valby"]
[Date "1994.??.??"]
[Round "8"]
[White "Hazai, Laszlo"]
[Black "Gipslis, Aivars"]
[Result "1/2-1/2"]
[WhiteElo "2465"]
[BlackElo "2480"]
[PlyCount "20"]
[EventDate "1994.??.??"]
[EventType "tourn"]
[EventRounds "9"]
[EventCountry "DEN"]
[EventCategory "10"]
[Source "ChessBase"]
[SourceDate "1997.11.17"]

1. e4 d6 2. d4 Nf6 3. Nc3 g6 4. f4 Bg7 5. Nf3 O-O 6. Bd3 Nc6 7. O-O e5 8. dxe5
dxe5 9. f5 gxf5 10. exf5 e4 1/2-1/2

[Event "Valby"]
[Site "Valby"]
[Date "1994.??.??"]
[Round "4"]
[White "Mortensen, Erling"]
[Black "Sahl, Bjarke"]
[Result "1/2-1/2"]
[WhiteElo "2470"]
[BlackElo "2465"]
[PlyCount "55"]
[EventDate "1994.??.??"]
[EventType "tourn"]
[EventRounds "9"]
[EventCountry "DEN"]
[EventCategory "10"]
[Source "ChessBase"]
[SourceDate "1997.11.17"]

1. e4 c5 2. Nf3 d6 3. d4 cxd4 4. Nxd4 Nf6 5. Nc3 a6 6. f4 Nc6 7. Nf3 g6 8. e5
Nh5 9. Bc4 Bh6 10. exd6 O-O 11. Ng5 exd6 12. O-O Nf6 13. f5 Ne5 14. Bb3 Nfg4
15. Nxf7 Rxf7 16. Bxf7+ Kxf7 17. Bxh6 Nxh6 18. fxg6+ Kxg6 19. Ne4 Qb6+ 20. Kh1
Bf5 21. Qxd6+ Qxd6 22. Nxd6 Rd8 23. Nxf5 Nxf5 24. Rad1 Rc8 25. c3 Rc6 26. Rf2
Ng4 27. Re2 h5 28. Kg1 1/2-1/2

[Event "Valby"]
[Site "Valby"]
[Date "1994.??.??"]
[Round "9"]
[White "Mortensen, Erling"]
[Black "Schandorff, Lars"]
[Result "1-0"]
[WhiteElo "2470"]
[BlackElo "2430"]
[PlyCount "81"]
[EventDate "1994.??.??"]
[EventType "tourn"]
[EventRounds "9"]
[EventCountry "DEN"]
[EventCategory "10"]
[Source "ChessBase"]
[SourceDate "1997.11.17"]

1. e4 c5 2. Nf3 Nc6 3. Bb5 e6 4. O-O Nge7 5. Re1 a6 6. Bxc6 Nxc6 7. d4 cxd4 8.
Nxd4 d6 9. Nc3 Be7 10. Nxc6 bxc6 11. Qg4 Kf8 12. b3 h5 13. Qf3 h4 14. Ba3 h3
15. Rad1 e5 16. g3 Rh6 17. Qe3 Kg8 18. Rd3 f5 19. Na4 fxe4 20. Qxe4 Qc7 21. Qe3
Bf5 22. Rd2 d5 23. Bxe7 Qxe7 24. Nc5 Re8 25. b4 a5 26. bxa5 d4 27. Qa3 Rb8 28.
a6 Kh7 29. f4 Re6 30. Rde2 e4 31. a7 Ra8 32. Qb4 Rxa7 33. Qxd4 Rd6 34. Qc4 Qf6
35. Nxe4 Qd4+ 36. Qxd4 Rxd4 37. Ng5+ Kg6 38. Nf3 Rd5 39. c4 Rda5 40. Ne5+ Kh7
41. Nxc6 1-0

[Event "Valby"]
[Site "Valby"]
[Date "1994.??.??"]
[Round "2"]
[White "Mortensen, Erling"]
[Black "Hazai, Laszlo"]
[Result "1-0"]
[WhiteElo "2470"]
[BlackElo "2465"]
[PlyCount "89"]
[EventDate "1994.??.??"]
[EventType "tourn"]
[EventRounds "9"]
[EventCountry "DEN"]
[EventCategory "10"]
[Source "ChessBase"]
[SourceDate "1997.11.17"]

1. e4 e5 2. Nf3 Nc6 3. Bb5 a6 4. Ba4 Nf6 5. O-O Be7 6. Qe2 b5 7. Bb3 d6 8. c3
O-O 9. Rd1 Na5 10. Bc2 c5 11. d4 Qc7 12. h3 Bd7 13. d5 Nc4 14. Kh1 g6 15. b3
Nb6 16. Bh6 Rfe8 17. g4 Kh8 18. c4 Ng8 19. Be3 Rf8 20. a4 bxa4 21. bxa4 f5 22.
gxf5 gxf5 23. a5 Nc8 24. exf5 Bf6 25. Nbd2 Nce7 26. Ne4 Nxf5 27. Rg1 Nd4 28.
Nxd4 cxd4 29. Nxf6 Nxf6 30. Bh6 Rf7 31. Rg3 Rg8 32. Bg5 Ng4 33. Rxg4 Bxg4 34.
Qxg4 Rxf2 35. Rg1 Qf7 36. Be4 Rf1 37. Rxf1 Qxf1+ 38. Kh2 Qf2+ 39. Bg2 d3 40. h4
d2 41. c5 Rxg5 42. hxg5 Qe1 43. Qf3 Qh4+ 44. Bh3 Qxg5 45. c6 1-0

[Event "Valby"]
[Site "Valby"]
[Date "1994.??.??"]
[Round "7"]
[White "Mortensen, Erling"]
[Black "Danielsen, Henrik"]
[Result "1/2-1/2"]
[WhiteElo "2470"]
[BlackElo "2480"]
[PlyCount "88"]
[EventDate "1994.??.??"]
[EventType "tourn"]
[EventRounds "9"]
[EventCountry "DEN"]
[EventCategory "10"]
[Source "ChessBase"]
[SourceDate "1997.11.17"]

1. e4 c6 2. d4 d5 3. Nd2 dxe4 4. Nxe4 Bf5 5. Ng3 Bg6 6. h4 h6 7. f4 e6 8. Nf3
Nd7 9. Bd3 Bxd3 10. Qxd3 Qc7 11. Bd2 Ngf6 12. Ne5 c5 13. O-O-O cxd4 14. Qxd4
Bc5 15. Qc4 O-O 16. Nxd7 Nxd7 17. Ne4 Rfc8 18. g4 Be7 19. Qxc7 Rxc7 20. g5 f5
21. Nc3 a6 22. Rhe1 Nf8 23. gxh6 gxh6 24. Ne2 Bf6 25. Be3 Rac8 26. Rd2 Rg7 27.
Bd4 Kf7 28. Rg1 Bxd4 29. Rxd4 Rxg1+ 30. Nxg1 Ke7 31. Nf3 Nd7 32. Rb4 b5 33. a4
Nc5 34. Ne5 Nxa4 35. Rd4 Nc5 36. Ng6+ Ke8 37. Rd6 b4 38. Kb1 a5 39. Rb6 b3 40.
cxb3 Nd3 41. b4 Rc1+ 42. Ka2 Nxb4+ 43. Kb3 Nc6 44. Ne5 Nd4+ 1/2-1/2

[Event "Valby"]
[Site "Valby"]
[Date "1994.??.??"]
[Round "6"]
[White "Nielsen, Peter Heine"]
[Black "Mortensen, Erling"]
[Result "1/2-1/2"]
[WhiteElo "2475"]
[BlackElo "2470"]
[PlyCount "64"]
[EventDate "1994.??.??"]
[EventType "tourn"]
[EventRounds "9"]
[EventCountry "DEN"]
[EventCategory "10"]
[Source "ChessBase"]
[SourceDate "1997.11.17"]

1. Nf3 c5 2. c4 b6 3. d4 cxd4 4. Nxd4 Bb7 5. Nc3 Nf6 6. f3 Nc6 7. e4 Qb8 8. Be3
e6 9. Nxc6 Bxc6 10. Qd2 Bd6 11. O-O-O Be5 12. Kb1 O-O 13. Bd4 Bxd4 14. Qxd4 e5
15. Qe3 Ne8 16. Nd5 Bxd5 17. Rxd5 Nf6 18. Rd2 Qc7 19. Be2 Rfe8 20. Rc1 Qc5 21.
Qxc5 bxc5 22. Bd1 Kf8 23. Ba4 Ke7 24. f4 Red8 25. fxe5 Nxe4 26. Rd5 Rac8 27.
Rcd1 Rc7 28. Kc2 Ng5 29. Kc3 Ne6 30. g3 Nd4 31. b4 Nc6 32. a3 h6 1/2-1/2

[Event "Valby"]
[Site "Valby"]
[Date "1994.??.??"]
[Round "8"]
[White "Nielsen, Peter Heine"]
[Black "Danielsen, Henrik"]
[Result "1/2-1/2"]
[WhiteElo "2475"]
[BlackElo "2480"]
[PlyCount "107"]
[EventDate "1994.??.??"]
[EventType "tourn"]
[EventRounds "9"]
[EventCountry "DEN"]
[EventCategory "10"]
[Source "ChessBase"]
[SourceDate "1997.11.17"]

1. e4 c6 2. d4 d5 3. e5 Bf5 4. Nf3 e6 5. Be2 c5 6. O-O Nc6 7. c3 cxd4 8. cxd4
Nge7 9. b3 Be4 10. Nbd2 Nf5 11. Bb2 Bb4 12. g4 Nh4 13. Nxe4 dxe4 14. Nxh4 Qxh4
15. Qc2 h5 16. Qxe4 hxg4 17. Qg2 O-O-O 18. Rfd1 Kb8 19. Bxg4 Rd7 20. Qg3 Qxg3+
21. hxg3 Rhd8 22. Bf3 Nxd4 23. Bxd4 Rxd4 24. Rxd4 Rxd4 25. Rd1 Bc5 26. Kg2 Kc7
27. Rxd4 Bxd4 28. Bh5 g6 29. Be2 Bxe5 30. f4 Bd6 31. Bb5 Kd8 32. Kf3 Ba3 33. g4
f6 34. Bd3 f5 35. Bc4 Ke7 36. Bb5 a6 37. Bf1 Kd6 38. gxf5 gxf5 39. Ke3 b5 40.
Bg2 Kc7 41. Bf1 Kb6 42. Be2 Bc5+ 43. Kf3 Ka5 44. a4 Kb4 45. axb5 a5 46. Bd1
Kxb5 47. Be2+ Kb4 48. Ba6 Kxb3 49. Bc8 a4 50. Bxe6+ Kb2 51. Bxf5 a3 52. Be6 a2
53. Bxa2 Kxa2 54. f5 1/2-1/2

[Event "Valby"]
[Site "Valby"]
[Date "1994.??.??"]
[Round "2"]
[White "Nielsen, Peter Heine"]
[Black "Sahl, Bjarke"]
[Result "1/2-1/2"]
[WhiteElo "2475"]
[BlackElo "2465"]
[PlyCount "74"]
[EventDate "1994.??.??"]
[EventType "tourn"]
[EventRounds "9"]
[EventCountry "DEN"]
[EventCategory "10"]
[Source "ChessBase"]
[SourceDate "1997.11.17"]

1. e4 c6 2. d4 d5 3. e5 Bf5 4. Nf3 e6 5. Be2 Nd7 6. O-O Ne7 7. Nh4 c5 8. c3 Be4
9. Nd2 Nc6 10. Nxe4 dxe4 11. g3 cxd4 12. cxd4 Be7 13. Ng2 O-O 14. Be3 Nb6 15.
Bb5 Kh8 16. Bxc6 bxc6 17. Qc2 Nd5 18. Qxe4 Rb8 19. b3 Ba3 20. Bd2 Rb5 21. Ne3
Nxe3 22. Bxe3 Rd5 23. Qc2 Qd7 24. Rab1 a5 25. Qc4 Rc8 26. Qa4 Qe7 27. Rfd1 h6
28. Rd2 Bb4 29. Rc2 Qb7 30. Rbc1 Rb5 31. Bd2 Kh7 32. Bxb4 axb4 33. Rc5 Ra8 34.
Rxb5 cxb5 35. Qxb4 Rxa2 36. Qe1 Qd5 37. Qe3 Rb2 1/2-1/2

[Event "Valby"]
[Site "Valby"]
[Date "1994.??.??"]
[Round "6"]
[White "Petursson, Margeir"]
[Black "Sahl, Bjarke"]
[Result "1/2-1/2"]
[WhiteElo "2550"]
[BlackElo "2465"]
[PlyCount "53"]
[EventDate "1994.??.??"]
[EventType "tourn"]
[EventRounds "9"]
[EventCountry "DEN"]
[EventCategory "10"]
[Source "ChessBase"]
[SourceDate "1997.11.17"]

1. c4 e5 2. Nc3 Nc6 3. g3 g6 4. Bg2 Bg7 5. e3 Nge7 6. Rb1 O-O 7. b4 a6 8. d3 d6
9. Nge2 Bg4 10. a4 Qc8 11. h3 Bd7 12. Ba3 Re8 13. Qb3 b6 14. Rc1 Rb8 15. Nd5 a5
16. b5 Nd8 17. Nec3 Nb7 18. Ne4 Nxd5 19. cxd5 Nc5 20. Qc4 h6 21. h4 Kh7 22. Kf1
Re7 23. Kg1 f5 24. Nd2 Qf8 25. Rf1 Rbe8 26. Kh2 Bc8 27. Qc2 1/2-1/2

[Event "Valby"]
[Site "Valby"]
[Date "1994.??.??"]
[Round "2"]
[White "Petursson, Margeir"]
[Black "Schandorff, Lars"]
[Result "1/2-1/2"]
[WhiteElo "2550"]
[BlackElo "2430"]
[PlyCount "42"]
[EventDate "1994.??.??"]
[EventType "tourn"]
[EventRounds "9"]
[EventCountry "DEN"]
[EventCategory "10"]
[Source "ChessBase"]
[SourceDate "1997.11.17"]

1. c4 g6 2. d4 Nf6 3. Nc3 Bg7 4. e4 d6 5. Be2 O-O 6. Bg5 Na6 7. Qd2 e5 8. d5 c6
9. Bd3 Nc5 10. Bc2 cxd5 11. cxd5 a5 12. Nge2 Bd7 13. O-O b5 14. Ng3 b4 15. Nd1
Bb5 16. Re1 Qb6 17. Bh6 Bxh6 18. Qxh6 Qd8 19. f3 Kh8 20. Nf2 Rc8 21. Qe3 Nfd7
1/2-1/2

[Event "Valby"]
[Site "Valby"]
[Date "1994.??.??"]
[Round "4"]
[White "Petursson, Margeir"]
[Black "Hazai, Laszlo"]
[Result "1/2-1/2"]
[WhiteElo "2550"]
[BlackElo "2465"]
[PlyCount "67"]
[EventDate "1994.??.??"]
[EventType "tourn"]
[EventRounds "9"]
[EventCountry "DEN"]
[EventCategory "10"]
[Source "ChessBase"]
[SourceDate "1997.11.17"]

1. c4 g6 2. e4 Bg7 3. d4 d6 4. Nc3 Nf6 5. Be2 O-O 6. Bg5 c5 7. dxc5 Qa5 8. Bd2
Qxc5 9. Nf3 Bg4 10. O-O Nc6 11. Be3 Qa5 12. Nd2 Bxe2 13. Qxe2 Nd7 14. Nb3 Qa6
15. Rac1 Rac8 16. f4 Nc5 17. e5 Na4 18. Nd5 dxe5 19. f5 e6 20. fxe6 f5 21. e7
Rfe8 22. Bg5 Nc5 23. Nxc5 Nd4 24. Nxa6 Nxe2+ 25. Kf2 Nxc1 26. Nac7 Nd3+ 27. Ke2
Nf4+ 28. Bxf4 exf4 29. Nxe8 Rxe8 30. Rxf4 Bxb2 31. c5 Kf7 32. Rb4 Be5 33. Rxb7
Ke6 34. Nb4 1/2-1/2

[Event "Valby"]
[Site "Valby"]
[Date "1994.??.??"]
[Round "8"]
[White "Petursson, Margeir"]
[Black "Mortensen, Erling"]
[Result "1-0"]
[WhiteElo "2550"]
[BlackElo "2470"]
[PlyCount "76"]
[EventDate "1994.??.??"]
[EventType "tourn"]
[EventRounds "9"]
[EventCountry "DEN"]
[EventCategory "10"]
[Source "ChessBase"]
[SourceDate "1997.11.17"]

1. d4 Nf6 2. c4 g6 3. Nc3 Bg7 4. e4 d6 5. Be2 O-O 6. Bg5 Na6 7. h4 e5 8. d5 c6
9. h5 cxd5 10. cxd5 Bd7 11. Qd2 Nc5 12. f3 a5 13. g4 b5 14. Nh3 b4 15. Nd1 Bxg4
16. fxg4 Ncxe4 17. Qe3 Nxg5 18. Qxg5 Rc8 19. hxg6 hxg6 20. Ne3 Qb6 21. Nf2 Qd4
22. Rd1 Qxb2 23. Rh3 Rfe8 24. Qh4 e4 25. g5 Nd7 26. Bb5 Re7 27. Nxe4 Rce8 28.
Bxd7 Rxe4 29. Qh7+ Kf8 30. Bxe8 Rf4 31. Rh2 Bc3+ 32. Rhd2 Kxe8 33. Qg8+ Ke7 34.
Qc8 Bxd2+ 35. Rxd2 Qe5 36. Rc2 Qxe3+ 37. Re2 Qxe2+ 38. Kxe2 Rf5 1-0

[Event "Valby"]
[Site "Valby"]
[Date "1994.??.??"]
[Round "9"]
[White "Sahl, Bjarke"]
[Black "Hazai, Laszlo"]
[Result "0-1"]
[WhiteElo "2465"]
[BlackElo "2465"]
[PlyCount "62"]
[EventDate "1994.??.??"]
[EventType "tourn"]
[EventRounds "9"]
[EventCountry "DEN"]
[EventCategory "10"]
[Source "ChessBase"]
[SourceDate "1997.11.17"]

1. e4 e5 2. Nf3 Nc6 3. d4 exd4 4. Bc4 Bc5 5. c3 d6 6. cxd4 Bb6 7. h3 Nf6 8. Nc3
O-O 9. O-O Nxe4 10. Nxe4 d5 11. Bg5 Qd7 12. Nc5 Bxc5 13. Bb5 Bd6 14. Rc1 f6 15.
Be3 Qf7 16. Bxc6 bxc6 17. Rxc6 Bd7 18. Rc2 g5 19. g4 h5 20. Nh2 hxg4 21. hxg4
Rae8 22. Re1 Bxh2+ 23. Kxh2 Bxg4 24. Qxg4 Qh7+ 25. Kg3 Qxc2 26. Bxg5 Rxe1 27.
Bh6+ Kf7 28. Qd7+ Kg6 29. Bxf8 Rg1+ 30. Kh3 Qf5+ 31. Qxf5+ Kxf5 0-1